| 000 | 00821nam a2200229 a 4500 | ||
|---|---|---|---|
| 001 | BRCA_9163 | ||
| 005 | 20190320210537.0 | ||
| 008 | 151018s2017----mx-a######---#000-0#spa-# | ||
| 041 | _aspa | ||
| 044 | _amx | ||
| 050 | 4 |
_aF1221 _b.Q55 2017 |
|
| 100 | 1 |
_aQuijano Leon, Isabel _922599 |
|
| 245 | 1 | 0 |
_aArte-objeto Mazahua _cIsabel Quijano Leon ; fotografía Arturo González de Alba. |
| 260 |
_aMéxico _bEl Autor _c[2017] |
||
| 300 |
_a1 v. (sin paginación] _bil. a color _c21 cm. |
||
| 500 | _aCatálogo de la exposición realizada en el Museo Franz Mayer (Ciudad de México), 22 abril - 25 junio, 2017 | ||
| 650 | 1 | 4 |
_aTelas mazahuas _zSan Felipe Santiago, Edo. Mex. _922600 |
| 650 | 1 | 4 |
_aDiseño textil _zMéxico _910630 |
| 650 | 1 | 4 |
_aBordado _94753 |
| 700 | 1 |
_aGonzález de Alba, Arturo _eil. _922601 |
|
| 942 |
_2lcc _cB |
||
| 999 |
_c8810 _d8810 |
||